| 000 | 00650nam a2200229 4500 | ||
|---|---|---|---|
| 003 | OSt | ||
| 005 | 20260530113857.0 | ||
| 008 | 260520b2008 |||ao||| |||| 00| 0 rus d | ||
| 040 |
_aICI _bspa _cICI |
||
| 050 |
_aNK2715 _bI54 2008 |
||
| 245 | 1 | 0 |
_aIKEA: _bKjøkken |
| 264 | 1 |
_bIKEA NO _c2008 |
|
| 300 | _a98 páginas | ||
| 336 |
_atexto _2rdacontent |
||
| 337 |
_asin medio _2rdamedia |
||
| 338 |
_avolumen _2rdacarrier |
||
| 650 |
_aCocinas _xDiseño y construcción _931911 |
||
| 650 |
_aMuebles de cocina _xDiseño _931912 |
||
| 650 |
_aDiseño interior _zEscandinavia _931913 |
||
| 650 |
_aDiseño industrial _zSuecia _931914 |
||
| 942 |
_2lcc _cBK _n1 |
||
| 999 |
_c11681 _d11681 |
||